Diseño estructural para un edificio de dos pisos
Spremljeno u:
| Glavni autor: | |
|---|---|
| Format: | Nepoznato |
| Izdano: |
[San José, Costa Rica]
1973
|
| Oznake: |
Dodaj oznaku
Bez oznaka, Budi prvi tko označuje ovaj zapis!
|
MARC
| LEADER | 00000 a2200000 4500 | ||
|---|---|---|---|
| 003 | 011440 | ||
| 005 | 20221231143808.0 | ||
| 008 | 140114s1973 c a m 000 ||s d | ||
| 040 | |c cru CEDI | ||
| 090 | |a TFG 520 | ||
| 100 | |a Araya Naranjo, Fernando |9 16627 | ||
| 245 | |a Diseño estructural para un edificio de dos pisos | ||
| 260 | |c 1973 |a [San José, Costa Rica] | ||
| 300 | |a 71 hojas : cuadros, gráficos, ilustraciones | ||
| 500 | |a Tesis (Ingeniero Civil) Universidad de Costa Rica. | ||
| 942 | |c TFG | ||
| 999 | |c 12094 |d 12094 | ||
